Normal view
MARC view
- Bhitai, Abdul Latif
Entry Personal Name
001 - CONTROL NUMBER
- control field: 46178
003 - CONTROL NUMBER IDENTIFIER
- control field: NUST
005 - DATE AND TIME OF LATEST TRANSACTION
- control field: 20210314133438.0
008 - FIXED-LENGTH DATA ELEMENTS
- fixed length control field: 210314|| aca||aabn | a|a d
040 ## - CATALOGING SOURCE
- Original cataloging agency: NUST
- Transcribing agency: NUST
100 ## - HEADING--PERSONAL NAME
- Personal name: Bhitai, Abdul Latif
670 ## - SOURCE DATA FOUND
- Source citation: Work cat.: (NUST): Bhitai, Abdul Latif, Illustrated verses of shah
